00313nam a2200133Ia 4500008004100000041001200041082002100053100001900074245003400093250001300127260001900140300000800159650001200167231217s9999 xx 000 0 und d aEnglish a001.6424WIN LAF aLafore, Robert 0aWindows programming made easy a1st ed.  c1993bGalgotia a609 aWindows